[Event "Karl Mala Memorial op-B 16th"]
[Site "Frankfurt"]
[Date "2013.07.13"]
[Round "5"]
[White "Keller, Simon"]
[Black "Glaeser, Hartmut"]
[Result "1-0"]
[WhiteElo "1707"]
[BlackElo "1797"]
[PlyCount "77"]
[EventDate "2013.07.11"]
[EventType "swiss"]
[EventRounds "7"]
[EventCountry "GER"]
[SourceTitle "CBM 155 Extra"]
[Source "ChessBase"]
[SourceDate "2013.08.26"]
[SourceVersion "1"]
[SourceVersionDate "2013.08.26"]
[SourceQuality "1"]

1. e4 c5 2. Nf3 Nc6 3. c3 e5 4. d4 cxd4 5. cxd4 Bb4+ 6. Bd2 Qa5 7. dxe5 Nxe5 8. Nxe5 Bxd2+ 9. Qxd2 Qxe5 10. Nc3 f5 11. f4 Qe6 12. Qd4 Nf6 13. Bc4 Qe7 14. 0-0 fxe4 15. Nxe4 Nxe4 16. Rfe1 Kd8 17. Rxe4 Qf6 18. Qxf6+ gxf6 19. Rae1 a6 20. Re7 b5 21. Bd5 Rb8 22. Rf7 Rb6 23. Ree7 Rd6 24. Bf3 h6 25. Kf2 Rd2+ 26. Re2 Rd6 27. Kg3 Kc7 28. Kg4 Kd8 29. Kf5 Re8 30. Rxe8+ Kxe8 31. Rxf6 Rd2 32. Rxh6 d5+ 33. Ke5 Bb7 34. Rb6 Bc8 35. Rb8 Kd8 36. Bg4 d4 37. Rxc8+ Ke7 38. Rc7+ Ke8 39. Kf6 1-0

[Event "Hessen-ch Gr-F 64th"]
[Site "Bad Vilbel"]
[Date "2010.04.03"]
[Round "3"]
[White "Baumgardt, Sascha"]
[Black "Keller, Simon"]
[Result "0-1"]
[WhiteElo "1245"]
[BlackElo "1168"]
[PlyCount "92"]
[EventDate "2010.03.31"]
[EventType "swiss"]
[EventRounds "5"]
[EventCountry "GER"]
[SourceTitle "EXT 2011"]
[Source "ChessBase"]
[SourceDate "2010.11.26"]
[SourceVersion "1"]
[SourceVersionDate "2010.11.26"]
[SourceQuality "1"]

1. e4 e5 2. Nf3 Nc6 3. c3 Nf6 4. d4 exd4 5. e5 Qe7 6. cxd4 d6 7. Qe2 Nd7 8. Bg5 f6 9. exf6 Nxf6 10. Bxf6 gxf6 11. Nc3 Bf5 12. Nd5 Qxe2+ 13. Bxe2 0-0-0 14. Nxf6 Bg7 15. d5 Nb4 16. 0-0 Bxf6 17. a3 Nxd5 18. Ra2 h5 19. Bc4 Nf4 20. h4 Be6 21. b3 Bxc4 22. bxc4 Rhg8 23. g3 Be5 24. Kh2 Nd3 25. Ng5 Bf6 26. f4 Bxg5 27. hxg5 Rde8 28. Rd2 Re3 29. Rfd1 Nc5 30. Ra2 Rh8 31. Rh1 h4 32. Kg2 Rxg3+ 33. Kf1 Rf3+ 34. Rf2 Rxf2+ 35. Kxf2 Ne6 36. Kf3 h3 37. f5 Nxg5+ 38. Kg4 Ne4 39. Rxh3 Rxh3 40. Kxh3 Kd7 41. Kg4 Ke7 42. Kf4 Nd2 43. Kg5 Kf7 44. Kf4 Nxc4 45. Ke4 Nxa3 46. Kd5 Kf6 0-1